00860nam a2200193 a 450000100100000000500170001000800410002704000250006808200130009324501450010626000540025130000360030550000600034171000390040171000540044071000440049495201110053899900170064900004250720201002040211.0131205s1986 sp ac 000 0 spa d aDO-SdBNPbspacBNPHU axxxbxxx00aArte bulgaro actual :bexposición patrocinada por Comité de Cultura de la R. P. de Bulgaria, Fundación Internacional Liudmila Yivkova. aMadrid :bCentro Cultural del Conde Duque,c1986. a228 p. :bil., retrs. ;c21 cm. aCelebrado en el Centro Cultural del Conde Duque, Madrid12aBulgaria Komitet za kultura96970512aFundación Internacional Lyudmila Yivkova96970612aCentro Cultural del Conde Duque.969707 001050718MOaGRbGRcCTd2013-12-05iLF1l0oxxx xxxp42507-10r2020-06-25w2020-06-25y1ZNo se presta c41996d41996